Everton's Ideal Starting 11 - Statistics

General Stats
  • This quiz has been taken 152 times
  • The average score is 5 of 11
Answer Stats
Position Player % Correct
GK Pickford
89%
RB Coleman
85%
LB Baines
79%
CB Keane
64%
ST Rooney
50%
CDM Gueye
44%
CB Williams
32%
LAM Mirallas
28%
LM Schneiderlin
18%
RM Klaasen
13%
RAM Ramirez
2%
No matching quizzes found
Score Distribution
Percent of People with Each Score
Percentile by Number Answered
Your Score History
You have not taken this quiz